Экономика, организация и управление предприятием: учебное пособие

Bibliografske podrobnosti
Glavni avtor: Зайцев Н. Л. Николай Леонтьевич
Korporativna značnica: Государственный университет управления
Izvleček:В учебном пособии раскрыты основные положения всего комплекса проблем, связанных с формированием материально-технической базы, обеспечением экономически обоснованной взаимосвязи труда и вещественных элементов производства, управлением хозяйственной деятельностью предприятия по изготовлению и реализации готовой продукции. Для студентов высших учебных заведений.
Jezik:ruščina
Izdano: Москва, Инфра-М, 2005
Serija:Высшее образование
Teme:
Format: Knjiga
KOHA link:https://koha.lib.tpu.ru/cgi-bin/koha/opac-detail.pl?biblionumber=71452

MARC

LEADER 00000nam0a2200000 4500
001 71452
005 20231101212601.0
010 |a 5160022945 
035 |a (RuTPU)RU\TPU\book\76075 
090 |a 71452 
100 |a 20041217d2005 m y0rusy50 ca 
101 0 |a rus 
102 |a RU 
105 |a y j 001zy 
200 1 |a Экономика, организация и управление предприятием  |e учебное пособие  |f Н. Л. Зайцев  |g Государственный университет управления 
210 |a Москва  |c Инфра-М  |d 2005 
215 |a 491 с. 
225 1 |a Высшее образование 
320 |a Библиогр.: с. 481-484. 
330 |a В учебном пособии раскрыты основные положения всего комплекса проблем, связанных с формированием материально-технической базы, обеспечением экономически обоснованной взаимосвязи труда и вещественных элементов производства, управлением хозяйственной деятельностью предприятия по изготовлению и реализации готовой продукции. Для студентов высших учебных заведений. 
451 1 |0 (RuTPU)RU\TPU\book\138080  |y 978-5-16-002841-5  |t Экономика, организация и управление предприятием  |o учебное пособие  |f Н. Л. Зайцев  |g Государственный университет управления  |c М.  |n Инфра-М  |d 2008  |p 455 с.  |s Высшее образование  |a Зайцев, Николай Леонтьевич 
606 1 |a Предприятия  |x Экономика  |2 stltpush  |3 (RuTPU)RU\TPU\subj\36689  |9 57982 
610 1 |a экономика 
610 1 |a предприятия 
610 1 |a организация 
610 1 |a управление 
610 1 |a рыночная экономика 
610 1 |a продукция 
610 1 |a изделия 
610 1 |a жизненный цикл 
610 1 |a денежный капитал 
610 1 |a спрос 
610 1 |a предложение 
610 1 |a промышленные предприятия 
610 1 |a основные производственные фонды 
610 1 |a оборудование 
610 1 |a производительность 
610 1 |a оборотные средства 
610 1 |a производительность труда 
610 1 |a себестоимость 
610 1 |a ценообразование 
610 1 |a налоговая политика 
610 1 |a экономическая эффективность 
610 1 |a капитальные вложения 
610 1 |a инвестиционные проекты 
610 1 |a хозяйственная деятельность 
610 1 |a экономический анализ 
610 1 |a специализация 
610 1 |a кооперирование 
610 1 |a концентрирование 
610 1 |a персонал 
610 1 |a логистика 
610 1 |a инновации 
610 1 |a учебные пособия 
686 |a У9(2)29я73  |v LBC/SL-A  |2 rubbk 
700 1 |a Зайцев  |b Н. Л.  |g Николай Леонтьевич 
712 0 2 |a Государственный университет управления 
801 1 |a RU  |b 63413507  |c 20041217  |g PSBO 
801 2 |a RU  |b 63413507  |c 20140120  |g PSBO 
900 |a Экономика предприятия 
900 |a Менеджмент 
942 |c BK 
952 |b 080507 
959 |a 17/20060217  |d 2  |e 125,00  |f НФ:1  |f АНЛ:1